000 00315nam a2200121Ia 4500
005 20251222152633.0
008 251222s9999||||xx |||||||||||||| ||spa||
082 _a327.85/P77
100 _aPons Muzzo, Gustavo
245 0 _aEstudio Histórico Sobre el Protocolo de Rio de Janeiro
264 _bBruño
942 _cLIB
999 _c27790
_d27790